000 00718nam a2200229 i 4500
001 7840
003 ES-MaACL
005 20250816062541.0
007 t|
008 910514s1991 sp ||||1| spa d
020 _a84-7898-020-2
080 _a7.01
100 1 _aRomero de Solís, Diego.
_999373
245 1 3 _aLa Impaciencia del deseo y otros ensayos de estetica /
_cDiego Romero de Solis.
260 _aSevilla :
_bAlfar,
_c1991.
300 _a159 p. ;
_c21 cm.
490 1 _aColección "El mapa y el calendario" ;
_v4
650 7 _aEstética
_2embne
_9142387
830 0 _aColección "El mapa y el calendario" ;
_v4
_9180289
852 _aES-MaACL
_jL-15056
_bR.119442
_z. - rust.
999 _c7840
_d7840